Dutch Cities - Sudden Death - Statistics

General Stats
  • This quiz has been taken 5,018 times
    2,675 since last reset
  • The average score is 11 of 22
Answers on the Grid
Answers color-coded by a green-red scale on the quiz's grid according to % correct below.
Eindhoven
Düsseldorf
Manchester
Arnhem
Rotterdam
Apeldoorn
Antwerp
Utrecht
Windhoek
Scheldt
Guilders
's-Hertogenbosch
Sankt Pölten
Amsterdam
Leeuwenhoek
Bloemfontein
Leeuwarden
Tilburg
Bochum
Krugersdorp
Breda
Zut Alors
Hagelslag
Nijmegen
Groningen
Heineken
Fribourg
Amersfoort
The Hague
Vlokken
Soerabaja
Bielefeld
Ede
Alkmaar
Pietermaritzburg
Leiden
Schaan
Lelydorp
Mayerthorpe
Wuppertal
Delft
Sint-Niklaas
Dordrecht
Eet Smakelijk
Zwolle
Kristiansand
Speculaas
Vereeniging
Oberhausen
Emmen
Maastricht
 
Answer Stats
Answer % Correct
Eindhoven
91%
Rotterdam
85%
Utrecht
78%
Amsterdam
70%
Arnhem
67%
The Hague
57%
Groningen
56%
Apeldoorn
52%
Alkmaar
47%
Maastricht
47%
Nijmegen
47%
's-Hertogenbosch
47%
Breda
44%
Zwolle
41%
Amersfoort
40%
Leeuwarden
40%
Tilburg
40%
Leiden
38%
Delft
36%
Dordrecht
35%
Emmen
29%
Ede
23%
No matching quizzes found
Score Distribution
Percent of People with Each Score
Percentile by Number Answered
Your Score History
You have not taken this quiz since the last reset